000 00304nam a22001217a 4500
008 180427b xxu||||| |||| 00| 0 eng d
041 _aeng
080 _a043.3
100 _a0
101 _aSHKI-BTH
245 _aKrahasimi i sistemeve operative (Windows 8 dhe Linux Ubuntu)
_cFerizi,F
942 _2udc
_cBK
999 _c45659
_d45659